<?xml version="1.0" encoding="UTF-8"?><?xml-stylesheet type="text/xsl" href="static/style.xsl"?><OAI-PMH xmlns="http://www.openarchives.org/OAI/2.0/" xmlns:xsi="http://www.w3.org/2001/XMLSchema-instance" xsi:schemaLocation="http://www.openarchives.org/OAI/2.0/ http://www.openarchives.org/OAI/2.0/OAI-PMH.xsd"><responseDate>2026-04-17T07:42:07Z</responseDate><request verb="GetRecord" identifier="oai:www.recercat.cat:2445/99102" metadataPrefix="marc">https://recercat.cat/oai/request</request><GetRecord><record><header><identifier>oai:recercat.cat:2445/99102</identifier><datestamp>2025-12-04T22:33:08Z</datestamp><setSpec>com_2072_1057</setSpec><setSpec>col_2072_478917</setSpec><setSpec>col_2072_478931</setSpec></header><metadata><record xmlns="http://www.loc.gov/MARC21/slim" xmlns:dcterms="http://purl.org/dc/terms/" xmlns:xsi="http://www.w3.org/2001/XMLSchema-instance" xmlns:doc="http://www.lyncode.com/xoai" xsi:schemaLocation="http://www.loc.gov/MARC21/slim http://www.loc.gov/standards/marcxml/schema/MARC21slim.xsd">
   <leader>00925njm 22002777a 4500</leader>
   <datafield ind2=" " ind1=" " tag="042">
      <subfield code="a">dc</subfield>
   </datafield>
   <datafield ind2=" " ind1=" " tag="720">
      <subfield code="a">Saúl Gutiérrez, Luis Ángel</subfield>
      <subfield code="e">author</subfield>
   </datafield>
   <datafield ind2=" " ind1=" " tag="720">
      <subfield code="a">López-González, M. Angeles</subfield>
      <subfield code="e">author</subfield>
   </datafield>
   <datafield ind2=" " ind1=" " tag="720">
      <subfield code="a">Feixas i Viaplana, Guillem</subfield>
      <subfield code="e">author</subfield>
   </datafield>
   <datafield ind2=" " ind1=" " tag="720">
      <subfield code="a">Rubio-Garay, Fernando</subfield>
      <subfield code="e">author</subfield>
   </datafield>
   <datafield ind2=" " ind1=" " tag="720">
      <subfield code="a">Domínguez-Simón, M. Jesús</subfield>
      <subfield code="e">author</subfield>
   </datafield>
   <datafield ind2=" " ind1=" " tag="260">
      <subfield code="c">2016-05-31T16:18:00Z</subfield>
   </datafield>
   <datafield ind2=" " ind1=" " tag="260">
      <subfield code="c">2016-05-31T16:18:00Z</subfield>
   </datafield>
   <datafield ind2=" " ind1=" " tag="260">
      <subfield code="c">2014</subfield>
   </datafield>
   <datafield ind2=" " ind1=" " tag="260">
      <subfield code="c">2016-05-31T16:18:07Z</subfield>
   </datafield>
   <datafield ind2=" " ind1=" " tag="520">
      <subfield code="a">El estudio de los conflictos cognitivos se ha llevado a cabo desde diversas aproximaciones teóricas. En el ámbito de la Psicología de los Constructos Personales, la técnica de la rejilla ha permitido operativizar un tipo de conflicto cognitivo denominado Dilema Implicativo (DI) y estudiar su papel en el campo de la salud. En este trabajo se ha analizado la construcción del sí mismo, la estructura cognitiva y el malestar psicológico en personas con y sin DI pertenecientes a una muestra comunitaria. En la investigación participaron 115 sujetos (56.5% mujeres y 43.5% hombres). Las técnicas de evaluación utilizadas fueron la técnica de la rejilla, y las versiones españolas del Symptom Check List-90-R (SCL-90-R) y el Clinical Outcome in Routine Evaluation (CORE-OM). Los principales resultados revelan correlaciones positivas en las tres medidas del sí mismo, lo que supone una alta autoestima, aunque si se comparan los grupos con/sin DI, se observan correlaciones más bajas en las personas con dilemas. En cuanto a la complejidad cognitiva, las personas con dilemas muestran una estructura cognitiva más diferenciada. Por último, en relación con el malestar psicológico percibido, los dos grupos presentan puntuaciones dentro del rango de la normalidad aunque las personas sin DI se sienten en mayor sintonía consigo mismas/con los demás que las personas con dilemas, presentando estas últimas puntuaciones superiores en escalas de depresión y ansiedad del SCL-90, y en las medidas globales del CORE-OM</subfield>
   </datafield>
   <datafield tag="653" ind2=" " ind1=" ">
      <subfield code="a">Teoria dels constructes personals</subfield>
   </datafield>
   <datafield tag="653" ind2=" " ind1=" ">
      <subfield code="a">Cognició</subfield>
   </datafield>
   <datafield tag="653" ind2=" " ind1=" ">
      <subfield code="a">Resolució de problemes</subfield>
   </datafield>
   <datafield tag="653" ind2=" " ind1=" ">
      <subfield code="a">Personal construct theory</subfield>
   </datafield>
   <datafield tag="653" ind2=" " ind1=" ">
      <subfield code="a">Cognition</subfield>
   </datafield>
   <datafield tag="653" ind2=" " ind1=" ">
      <subfield code="a">Problem solving</subfield>
   </datafield>
   <datafield ind2="0" ind1="0" tag="245">
      <subfield code="a">Conflictos cognitivos en una muestra comunitaria: un estudio exploratorio</subfield>
   </datafield>
</record></metadata></record></GetRecord></OAI-PMH>